Statystyki dla Stolice nad rzeką

Kliknij tutaj aby rozwiązać quiz!

Ogólne statystyki

  • Ten quiz został rozwiązany 832 razy
  • Średni wynik to 9 z 20

Statystyki odpowiedzi

rzekaStolice% Poprawnych
WisłaWarszawa
100%
NilChartum / Kair / Dżuba
90%
TamizaLondyn
79%
SekwanaParyż
79%
DunajBelgrad / Bratysława /
Budapeszt / Wiedeń
78%
DnieprKijów
76%
TyberRzym
49%
TygrysBagdad
45%
TagLizbona
42%
WełtawaPraga
42%
KongoBrazzaville / Kinszasa
37%
AmstelAmsterdam
26%
PotomakWaszyngton
25%
SprewaBerlin
22%
NigerBamako / Niamey
20%
MekongPhnom Penh / Wientian
17%
LiffeyDublin
13%
HanSeul
13%
ManzanaresMadryt
7%
SumidaTokio
4%

Rozkład punktacji

Percentyl według liczby udzielonych odpowiedzi

Procent ludzi z każdym wynikiem

Twoja historia wyników

Nie rozwiązałeś tego quizu